[Event "XXXIII Memorial Edoardo Crespi Magistrale"]
[Site "Milano ITA"]
[Date "2012.12.05"]
[Round "5"]
[White "Massironi, Marco"]
[Black "Iturbide Arnedo, Oscar"]
[WhiteElo "2214"]
[BlackElo "2132"]
[Result "1-0"]
[PlyCount "43"]
[EventDate "2012.12.01"]

1. e4 d5 2. exd5 Qxd5 3. Nf3 Bg4 4. Be2 Nc6 5. d4 O-O-O 6. c4 Qf5 7. Be3 e6 8.
h3 Bxf3 9. Bxf3 Ne5 10. Bxb7+ Kxb7 11. Qb3+ Kc8 12. dxe5 Qxe5 13. Nc3 Nf6 14.
Qa4 Rd3 15. Qa6+ Kd8 16. Qxa7 Bd6 17. Ke2 Qf5 18. Rad1 Rxd1 19. Rxd1 Ke7 20.
Rxd6 Kxd6 21. Nb5+ Ke7 22. Bc5+ 1-0

[Event "XXXIII Memorial Edoardo Crespi Magistrale"]
[Site "Milano ITA"]
[Date "2012.12.05"]
[Round "5"]
[White "Motola, Jacopo"]
[Black "Damia, Angelo"]
[WhiteElo "1993"]
[BlackElo "2281"]
[Result "0-1"]
[PlyCount "104"]
[EventDate "2012.12.01"]

1. e4 c6 2. d4 d5 3. exd5 cxd5 4. c4 Nf6 5. Nc3 e6 6. Nf3 Bb4 7. Bd2 O-O 8. Bd3
Nc6 9. a3 dxc4 10. Bxc4 Ba5 11. b4 Bb6 12. Be3 Bd7 13. O-O Rc8 14. Qe2 Qc7 15.
Nb5 Nxd4 16. Bxd4 Qxc4 17. Qxc4 Rxc4 18. Bxb6 Bxb5 19. Bxa7 Ra8 20. Bd4 Bc6 21.
Rfd1 Bxf3 22. gxf3 Nd5 23. Rac1 Rac8 24. Bb2 Kf8 25. Rxc4 Rxc4 26. Rc1 Rxc1+
27. Bxc1 Ke7 28. Kf1 Kd6 29. Ke2 Nb6 30. Kd3 Kd5 31. f4 Na4 32. Be3 b5 33. Bd4
f6 34. f3 e5 35. fxe5 fxe5 36. Ba1 g6 37. h3 g5 38. Ke2 h6 39. Kd3 h5 40. Ke2
Ke6 41. Kf2 Kf5 42. Ke2 Nb6 43. Bb2 Nd5 44. Kf2 Nf4 45. Kg3 h4+ 46. Kh2 Nd3 47.
Bc3 Kf4 48. Bd2+ Kxf3 49. Bxg5 e4 50. Bxh4 e3 51. Bg3 e2 52. h4 Nf2 0-1

[Event "XXXIII Memorial Edoardo Crespi Magistrale"]
[Site "Milano ITA"]
[Date "2012.12.05"]
[Round "5"]
[White "Mundorf, Johannes"]
[Black "Gongalov, Bojan"]
[WhiteElo "2200"]
[BlackElo "2116"]
[Result "1/2-1/2"]
[PlyCount "159"]
[EventDate "2012.12.01"]

1. Nf3 Nf6 2. g3 g6 3. b3 Bg7 4. Bb2 O-O 5. Bg2 c5 6. c4 Nc6 7. O-O d5 8. cxd5
Nb4 9. a3 Nbxd5 10. Qc2 Qb6 11. d3 h6 12. Nbd2 Be6 13. Ne5 Qd8 14. Rac1 Rc8 15.
Qb1 b5 16. Rc2 Qd6 17. Rfc1 a5 18. Qa1 Rfd8 19. Ne4 Nxe4 20. dxe4 Nf6 21. Nd3
Ne8 22. Bxg7 Nxg7 23. Nxc5 Qb6 24. h4 Bg4 25. Bf3 h5 26. Bxg4 hxg4 27. Qe5 Qd6
28. Qxd6 Rxd6 29. Nd3 Rxc2 30. Rxc2 Ne6 31. b4 axb4 32. axb4 Nd4 33. Rc8+ Kg7
34. Kf1 Ra6 35. e3 Nf3 36. Rc2 Ra1+ 37. Ke2 e5 38. Nc1 Rb1 39. Nd3 f5 40. Rc7+
Kh6 41. Rc1 Rb3 42. exf5 gxf5 43. Rc6+ Kg7 44. Ne1 Ng1+ 45. Kd2 Rxb4 46. Nd3
Nf3+ 47. Kc2 Ra4 48. Kb2 e4 49. Nf4 Rb4+ 50. Kc2 Ne1+ 51. Kc3 Rb1 52. Rc7+ Kf6
53. Rc6+ Kf7 54. Rb6 Nf3 55. Rb7+ Ke8 56. h5 Rc1+ 57. Kb4 Ne5 58. h6 Rb1+ 59.
Kc3 b4+ 60. Kd4 Nd7 61. Kd5 Rd1+ 62. Kc4 Rh1 63. Rxb4 Rxh6 64. Rb5 Rh2 65. Rxf5
Rxf2 66. Kd5 Rf3 67. Kxe4 Rxg3 68. Nd5 Rg1 69. Rg5 Nc5+ 70. Kf5 g3 71. Nf4 Kf7
72. Nh5 g2 73. Nf4 Ne6 74. Rxg2 Rxg2 75. Nxg2 Nc5 76. Nh4 Ke7 77. Ke5 Nd7+ 78.
Kd4 Ke6 79. Nf3 Nf6 80. e4 1/2-1/2

[Event "XXXIII Memorial Edoardo Crespi Magistrale"]
[Site "Milano ITA"]
[Date "2012.12.05"]
[Round "5"]
[White "Novelli, Cristiano"]
[Black "Gori, Andrea"]
[WhiteElo "2051"]
[BlackElo "2095"]
[Result "0-1"]
[PlyCount "92"]
[EventDate "2012.12.01"]

1. e4 e5 2. Bc4 Nc6 3. Nf3 Bc5 4. d3 Nf6 5. Be3 Bxe3 6. fxe3 d5 7. exd5 Nxd5 8.
Qd2 Qd6 9. O-O f6 10. Nc3 Nxc3 11. bxc3 Be6 12. Bb5 O-O 13. Bxc6 Qxc6 14. e4
Rfd8 15. Qe1 Qb6+ 16. d4 Bg4 17. Rb1 Qa6 18. dxe5 Bxf3 19. exf6 Bh5 20. Qg3 Rd7
21. Qh3 Be8 22. e5 Rf7 23. e6 Rxf6 24. Rxf6 gxf6 25. Qg3+ Bg6 26. h4 Kh8 27. h5
Bxh5 28. Qh4 Bg6 29. Qxf6+ Kg8 30. Rd1 Rf8 31. Qe5 Qb6+ 32. Kh1 Qf2 33. e7 Re8
34. Rd8 Qh4+ 35. Kg1 Kf7 36. Qb5 Qe1+ 37. Kh2 Qh4+ 38. Kg1 Rxe7 39. Qd5+ Kg7
40. Qg8+ Kh6 41. Qf8+ Rg7 42. Rd4 Qe1+ 43. Kh2 Qe5+ 44. g3 Be4 45. Kg1 Qxg3+
46. Kf1 Qf3+ 0-1

[Event "XXXIII Memorial Edoardo Crespi Magistrale"]
[Site "Milano ITA"]
[Date "2012.12.05"]
[Round "5"]
[White "Pancevski, Filip"]
[Black "Sanchez, Joseph"]
[WhiteElo "2512"]
[BlackElo "2533"]
[Result "1/2-1/2"]
[PlyCount "63"]
[EventDate "2012.12.01"]

1. e4 d5 2. exd5 Qxd5 3. Nc3 Qa5 4. d4 Nf6 5. Bc4 Bf5 6. Nf3 e6 7. Bd2 c6 8.
Qe2 Bb4 9. O-O O-O 10. a3 Bxc3 11. Bxc3 Qc7 12. Nh4 Bg6 13. Nxg6 hxg6 14. b3
Nbd7 15. Rad1 b5 16. Bd3 Nd5 17. Bb2 Nf4 18. Qg4 Nf6 19. Qh4 Rfd8 20. Rfe1 c5
21. dxc5 Nxd3 22. Rxd3 Rxd3 23. cxd3 Qxc5 24. Bxf6 gxf6 25. Qxf6 Qxa3 26. h4
Rc8 27. h5 Rc1 28. Qd8+ Kh7 29. hxg6+ Kxg6 30. Qg8+ Kf6 31. Qd8+ Kg6 32. Qg8+
1/2-1/2

[Event "XXXIII Memorial Edoardo Crespi Magistrale"]
[Site "Milano ITA"]
[Date "2012.12.05"]
[Round "5"]
[White "Quaranta, Cristiano"]
[Black "Trella, Thomas"]
[WhiteElo "2102"]
[BlackElo "2404"]
[Result "0-1"]
[PlyCount "70"]
[EventDate "2012.12.01"]

1. d4 e6 2. c4 Bb4+ 3. Bd2 a5 4. Nc3 Nf6 5. Nf3 d6 6. a3 Bxc3 7. Bxc3 Nbd7 8.
Qc2 Qe7 9. g3 b6 10. Bg2 Bb7 11. O-O Be4 12. Qd2 a4 13. Ne1 Bxg2 14. Kxg2 e5
15. Nc2 O-O 16. Ne3 Qe6 17. d5 Qe8 18. Nf5 Ne4 19. Qe3 Nxc3 20. Qg5 g6 21. Nh6+
Kg7 22. bxc3 f5 23. e4 fxe4 24. Rae1 Nc5 25. h4 Qd8 26. Qxd8 Raxd8 27. Ng4 Rf3
28. Ne3 Rdf8 29. Re2 h5 30. Rd1 Kh6 31. Rh1 Nd7 32. Rb1 g5 33. hxg5+ Kxg5 34.
Rh1 Nc5 35. Rh4 Nd3 0-1

[Event "XXXIII Memorial Edoardo Crespi Magistrale"]
[Site "Milano ITA"]
[Date "2012.12.05"]
[Round "5"]
[White "Rettore, Ludwig"]
[Black "Martinez, Rolly"]
[WhiteElo "2115"]
[BlackElo "2441"]
[Result "0-1"]
[PlyCount "74"]
[EventDate "2012.12.01"]

1. Nf3 Nf6 2. d4 e6 3. Nbd2 c5 4. e3 b6 5. c3 Bb7 6. Bd3 Be7 7. O-O cxd4 8.
exd4 Qc7 9. Re1 d6 10. Qe2 Nbd7 11. Nf1 O-O 12. Ng3 Rfe8 13. Ng5 Bf8 14. Qc2 g6
15. Bd2 Rac8 16. h4 Bg7 17. h5 Nf8 18. hxg6 hxg6 19. Rac1 a6 20. N3e4 Nd5 21.
Qd1 b5 22. Qf3 Qe7 23. Qg3 Rcd8 24. Nf3 e5 25. c4 Nf4 26. Bxf4 exf4 27. Qxf4
Ne6 28. Qh2 bxc4 29. Bc2 Nxd4 30. Ba4 Bxe4 31. Bxe8 Rxe8 32. Nd2 Qg5 33. f4 Qc5
34. Kh1 d5 35. b3 c3 36. Nxe4 Rxe4 37. Rf1 Nf5 0-1

[Event "XXXIII Memorial Edoardo Crespi Magistrale"]
[Site "Milano ITA"]
[Date "2012.12.05"]
[Round "5"]
[White "Solodovnichenko, Yuri"]
[Black "Welling, Gerard"]
[WhiteElo "2557"]
[BlackElo "2338"]
[Result "1-0"]
[PlyCount "89"]
[EventDate "2012.12.01"]

1. e4 e6 2. d4 d5 3. Nc3 dxe4 4. Nxe4 Nd7 5. Nf3 Ngf6 6. Nxf6+ Nxf6 7. Be2 c5
8. O-O Be7 9. dxc5 Qxd1 10. Rxd1 Bxc5 11. Ne5 Ne4 12. Nd3 Be7 13. Bf3 Ng5 14.
Bxg5 Bxg5 15. Nc5 Rb8 16. Ne4 Bf4 17. Rd3 O-O 18. Rad1 b6 19. Nd6 g6 20. g3
Bxd6 21. Rxd6 Bb7 22. Be2 Rfc8 23. c4 Rc7 24. f4 Kf8 25. g4 Ke7 26. R6d3 Kf6
27. Rd7 Rbc8 28. Kf2 Bc6 29. g5+ Kg7 30. Rxc7 Rxc7 31. Rd8 h6 32. h4 hxg5 33.
hxg5 Re7 34. b4 e5 35. b5 Be8 36. fxe5 Rxe5 37. Rb8 Re7 38. a4 f6 39. c5 bxc5
40. a5 fxg5 41. a6 Kh6 42. Rb7 Re4 43. Rxa7 c4 44. b6 c3 45. Rc7 1-0

[Event "XXXIII Memorial Edoardo Crespi Magistrale"]
[Site "Milano ITA"]
[Date "2012.12.05"]
[Round "5"]
[White "Stella, Andrea"]
[Black "Mirzoev, Azer"]
[WhiteElo "2453"]
[BlackElo "2553"]
[Result "1/2-1/2"]
[PlyCount "22"]
[EventDate "2012.12.01"]

1. Nf3 d5 2. c4 d4 3. b4 c5 4. e3 dxe3 5. fxe3 cxb4 6. d4 Nf6 7. Bd3 Bg4 8. h3
Bh5 9. Nbd2 e5 10. g4 Bg6 11. Nxe5 Bxd3 1/2-1/2

[Event "XXXIII Memorial Edoardo Crespi Magistrale"]
[Site "Milano ITA"]
[Date "2012.12.05"]
[Round "5"]
[White "Tramalloni, Luca"]
[Black "Iudicello, Giovanni"]
[WhiteElo "2087"]
[BlackElo "2149"]
[Result "1/2-1/2"]
[PlyCount "131"]
[EventDate "2012.12.01"]

1. d4 Nf6 2. Bg5 c5 3. Bxf6 gxf6 4. d5 Qb6 5. Qc1 f5 6. e3 Bg7 7. c3 d6 8. Bd3
e6 9. Ne2 Nd7 10. Nf4 Nf6 11. Bc4 e5 12. Ne2 Bd7 13. Bb3 h5 14. c4 Ke7 15. Nbc3
Rag8 16. Qd2 Bh6 17. Rg1 h4 18. f3 Nh5 19. h3 Rg7 20. Kf2 Rhg8 21. Rab1 Kf8 22.
Ba4 Bc8 23. Qc2 Qd8 24. b4 cxb4 25. Rxb4 Qg5 26. Nd1 Ng3 27. Nc1 f4 28. e4 b6
29. Rb2 Bxh3 30. Qb3 Bxg2 31. Qb5 Rg6 32. Rxg2 h3 33. Rh2 Nxe4+ 34. Ke2 Qg1 35.
Kd3 Nc5+ 36. Kc3 Qe1+ 37. Kc2 Rg2+ 38. Kb1 Nxa4 39. Qxa4 Rxb2+ 40. Nxb2 Rg3 41.
Qd7 Rxf3 42. Qxd6+ Kg7 43. Re2 Qc3 44. Qxe5+ Qxe5 45. Rxe5 Rf1 46. Rh5 f3 47.
Nbd3 Bxc1 48. Kc2 Ba3 49. Rxh3 Bd6 50. Kd2 f5 51. Ke3 f2 52. Rf3 Kf6 53. Rxf2
Ra1 54. Kf3 Rd1 55. Ke2 Rh1 56. Kd2 Rh4 57. Kc3 Rh2 58. Rxh2 Bxh2 59. Ne1 Bd6
60. Nf3 f4 61. Kd3 Kf5 62. Nd4+ Kg4 63. Ke4 Bc5 64. Nf3 Kg3 65. Ne5 Ba3 66. Nf3
1/2-1/2

[Event "XXXIII Memorial Edoardo Crespi Magistrale"]
[Site "Milano ITA"]
[Date "2012.12.05"]
[Round "5"]
[White "Valsecchi, Alessio"]
[Black "Shishkin, Vadim"]
[WhiteElo "2422"]
[BlackElo "2501"]
[Result "1-0"]
[PlyCount "99"]
[EventDate "2012.12.01"]

1. Nf3 Nf6 2. c4 g6 3. g3 Bg7 4. Bg2 c6 5. O-O O-O 6. b3 d5 7. Bb2 Be6 8. d3
Qc8 9. Nbd2 Bh3 10. Rc1 Bxg2 11. Kxg2 Qd8 12. Rc2 Ne8 13. Qa1 Na6 14. a3 Nac7
15. Rfc1 e6 16. Bxg7 Nxg7 17. b4 dxc4 18. dxc4 f6 19. Rd1 Qe7 20. Ne4 e5 21.
Rcd2 Rad8 22. Nc5 b6 23. Rd7 Rxd7 24. Rxd7 Qe8 25. Rxc7 bxc5 26. Rxa7 e4 27.
Ng5 h6 28. Nh3 g5 29. Qd1 cxb4 30. axb4 Rf7 31. Rxf7 Kxf7 32. e3 Nf5 33. Nf4
Ke7 34. Ne2 Qb8 35. b5 cxb5 36. Qd5 Qe5 37. Qxe5+ fxe5 38. cxb5 Kd6 39. Nc3 Kc5
40. Nxe4+ Kxb5 41. Kf3 Kc4 42. Kg4 Ne7 43. Nd6+ Kd3 44. Nf5 Ng8 45. Kh5 Nf6+
46. Kxh6 Ng4+ 47. Kxg5 Nxh2 48. g4 Ke2 49. Kh5 Kxf2 50. g5 1-0

[Event "XXXIII Memorial Edoardo Crespi Magistrale"]
[Site "Milano ITA"]
[Date "2012.12.05"]
[Round "5"]
[White "Van Den Bersselaar, Jeroen"]
[Black "Friedrichs, Klaus"]
[WhiteElo "2176"]
[BlackElo "2301"]
[Result "0-1"]
[PlyCount "112"]
[EventDate "2012.12.01"]

1. d4 e6 2. g3 f5 3. Bg2 Nf6 4. c4 c6 5. Nd2 d5 6. Nh3 Bd6 7. Qc2 O-O 8. Nf3
Nh5 9. Ne5 Nd7 10. Nd3 Qe7 11. O-O b6 12. Bg5 Nhf6 13. Bf4 Bb7 14. Rac1 Bxf4
15. gxf4 Ne4 16. Ne5 Nxe5 17. dxe5 dxc4 18. f3 Nc5 19. Qxc4 a5 20. Rfd1 Ba6 21.
Qc2 Rfd8 22. Bf1 Rxd1 23. Rxd1 Rd8 24. Rd2 h6 25. Qd1 Rxd2 26. Qxd2 Qd7 27.
Qxd7 Nxd7 28. e4 Bxf1 29. Kxf1 Nc5 30. Nf2 Na4 31. exf5 exf5 32. Nd3 c5 33. Ke1
c4 34. b3 cxb3 35. axb3 Nc3 36. b4 Nd5 37. bxa5 bxa5 38. h4 Kf7 39. Kd2 Kg6 40.
Kc2 Kh5 41. Kb3 Kxh4 42. Kc4 Ne7 43. Kc5 Kh5 44. Kd6 Ng8 45. Ke6 Kg6 46. Nc5 h5
47. Nd7 h4 48. Nf8+ Kh6 49. Kf7 h3 50. Kxg8 h2 51. e6 h1=Q 52. Kf7 Qh5+ 53. Ke7
a4 54. Nd7 a3 55. Nc5 a2 56. Nb3 Qxf3 0-1

[Event "XXXIII Memorial Edoardo Crespi Magistrale"]
[Site "Milano ITA"]
[Date "2012.12.05"]
[Round "5"]
[White "Vezzosi, Paolo"]
[Black "Formento, Paolo"]
[WhiteElo "2307"]
[BlackElo "2167"]
[Result "0-1"]
[PlyCount "86"]
[EventDate "2012.12.01"]

1. c4 c5 2. g3 g6 3. Bg2 Bg7 4. Nc3 Nc6 5. Nf3 e5 6. a3 d6 7. d3 Nge7 8. Rb1 a5
9. O-O O-O 10. Ne1 Be6 11. Nd5 Rb8 12. Nc2 b5 13. Nce3 f5 14. Nxe7+ Nxe7 15.
Nd5 Nxd5 16. cxd5 Bd7 17. b3 f4 18. e3 fxg3 19. hxg3 Qc8 20. e4 a4 21. b4 cxb4
22. Rxb4 Qc5 23. Bb2 Rbc8 24. Ba1 Qc2 25. Rb2 Qxd1 26. Rxd1 Bh6 27. Ra2 Bg4 28.
Rb1 Rc1+ 29. Rxc1 Bxc1 30. Bc3 Kf7 31. Bb4 Ke7 32. d4 exd4 33. e5 d3 34. Bf1 d2
35. exd6+ Kf6 36. Bc3+ Kf7 37. Bxd2 Bxd2 38. Rxd2 Bd7 39. Rc2 Rb8 40. Rc6 b4
41. axb4 Bxc6 42. dxc6 Ke6 43. c7 Rf8 0-1

[Event "XXXIII Memorial Edoardo Crespi Magistrale"]
[Site "Milano ITA"]
[Date "2012.12.05"]
[Round "5"]
[White "Villa, Giorgio"]
[Black "Cazzaniga, Walter"]
[WhiteElo "1972"]
[BlackElo "2146"]
[Result "1/2-1/2"]
[PlyCount "57"]
[EventDate "2012.12.01"]

1. d4 Nf6 2. Nf3 g6 3. c4 Bg7 4. g3 O-O 5. Bg2 d5 6. O-O Nc6 7. cxd5 Nxd5 8. e4
Nb6 9. d5 Na5 10. Nc3 e6 11. Nd4 c5 12. Nde2 exd5 13. exd5 Bf5 14. Be3 Rc8 15.
Qc1 Nac4 16. Bg5 Qd7 17. b3 Nd6 18. Bh6 Rfe8 19. Bxg7 Kxg7 20. Qb2 Kg8 21. Rfe1
Re7 22. Nf4 Rce8 23. Rxe7 Qxe7 24. Qa3 g5 25. Nfe2 Bd3 26. Qxc5 Bxe2 27. Re1
Qf6 28. Nxe2 Nf5 29. Qa3 1/2-1/2

[Event "XXXIII Memorial Edoardo Crespi Magistrale"]
[Site "Milano ITA"]
[Date "2012.12.06"]
[Round "6"]
[White "Andreoni, Giuseppe"]
[Black "Mundorf, Johannes"]
[WhiteElo "2101"]
[BlackElo "2200"]
[Result "1-0"]
[PlyCount "77"]
[EventDate "2012.12.01"]

1. e4 e6 2. d4 d5 3. Nc3 Nc6 4. e5 a6 5. a3 f6 6. f4 fxe5 7. dxe5 Nh6 8. Bd3
Qe7 9. Nf3 Nf7 10. Qe2 g6 11. Be3 g5 12. O-O Bg7 13. b4 Bd7 14. Rad1 O-O-O 15.
Bc5 Qe8 16. Bxa6 Nb8 17. Bd3 gxf4 18. a4 Bf8 19. Qf2 Nc6 20. b5 Bxc5 21. Qxc5
Qe7 22. Qf2 Nb4 23. Qa7 Be8 24. Kh1 c5 25. bxc6 Bxc6 26. Nd4 Rdf8 27. Bb5 Nd8
28. Rb1 Bxb5 29. Ncxb5 Na6 30. Nd6+ Kd7 31. Rxb7+ Nxb7 32. Qxb7+ Nc7 33. Qc6+
Kd8 34. Nb7+ Kc8 35. Nd6+ Kd8 36. Nb7+ Kc8 37. Nc5 f3 38. Qb7+ Kd8 39. Qb8# 1-0

[Event "XXXIII Memorial Edoardo Crespi Magistrale"]
[Site "Milano ITA"]
[Date "2012.12.06"]
[Round "6"]
[White "Brunello, Sabino"]
[Black "Trella, Thomas"]
[WhiteElo "2583"]
[BlackElo "2404"]
[Result "1/2-1/2"]
[PlyCount "111"]
[EventDate "2012.12.01"]

1. d4 e6 2. c4 Bb4+ 3. Bd2 a5 4. g3 d6 5. Nf3 Nc6 6. Bg2 e5 7. d5 Nce7 8. O-O
Nf6 9. Ne1 Bxd2 10. Qxd2 O-O 11. Nc3 Nd7 12. Nd3 f5 13. e4 fxe4 14. Nxe4 Ng6
15. Rae1 b6 16. Ng5 Nc5 17. Nxc5 bxc5 18. Ne6 Bxe6 19. dxe6 Ra6 20. Be4 Qe7 21.
f4 exf4 22. Bxg6 hxg6 23. Rxf4 Raa8 24. Rxf8+ Qxf8 25. e7 Qf7 26. b3 Re8 27.
Qxa5 Rxe7 28. Qa8+ Kh7 29. Re4 g5 30. h3 Qf6 31. Rxe7 Qxe7 32. Kf2 Qf6+ 33. Qf3
Qb2+ 34. Qe2 Qc3 35. Qh5+ Kg8 36. Qe8+ Kh7 37. Qh5+ Kg8 38. Qxg5 Qb2+ 39. Kf3
Qxa2 40. Qd5+ Kh8 41. Qh5+ Kg8 42. Qe8+ Kh7 43. Qe4+ Kh8 44. Qd3 Qb2 45. Kg4
Kg8 46. h4 Kh8 47. Qf3 Qd4+ 48. Kh3 Qe5 49. g4 c6 50. Qxc6 Qe3+ 51. Kg2 Qe2+
52. Kg3 Qe1+ 53. Kh3 Qe3+ 54. Kg2 Qe2+ 55. Kg3 Qe1+ 56. Kg2 1/2-1/2

[Event "XXXIII Memorial Edoardo Crespi Magistrale"]
[Site "Milano ITA"]
[Date "2012.12.06"]
[Round "6"]
[White "Cazzaniga, Walter"]
[Black "Manfredi, Vincenzo"]
[WhiteElo "2146"]
[BlackElo "2230"]
[Result "0-1"]
[PlyCount "80"]
[EventDate "2012.12.01"]

1. d4 Nf6 2. c4 c5 3. d5 d6 4. Nc3 g6 5. e4 Bg7 6. Nf3 O-O 7. h3 b5 8. cxb5 a6
9. a4 axb5 10. Bxb5 Na6 11. O-O Nb4 12. Qe2 Bb7 13. Rd1 Qa5 14. Bf4 Rfb8 15.
Ra3 Qd8 16. Bc4 Nd7 17. e5 Nb6 18. Bb5 N6xd5 19. Nxd5 Nxd5 20. Bg3 dxe5 21.
Nxe5 Bxe5 22. Bxe5 Rc8 23. Rad3 e6 24. b3 h6 25. Bb2 Kh7 26. Qe5 Qf8 27. h4 Ba6
28. Bxa6 Rxa6 29. h5 g5 30. Rc1 f6 31. Qe4+ Kg8 32. Qc4 Rb6 33. Ba3 Rbc6 34. a5
Qf7 35. Qb5 Nf4 36. Re3 Qxh5 37. Rxc5 Rxc5 38. Bxc5 Qd1+ 39. Kh2 Qd5 40. f3 Qd2
0-1

[Event "XXXIII Memorial Edoardo Crespi Magistrale"]
[Site "Milano ITA"]
[Date "2012.12.06"]
[Round "6"]
[White "Colovic, Aleksandar"]
[Black "Pancevski, Filip"]
[WhiteElo "2457"]
[BlackElo "2512"]
[Result "1/2-1/2"]
[PlyCount "43"]
[EventDate "2012.12.01"]

1. e4 c5 2. Nf3 d6 3. d4 cxd4 4. Nxd4 Nf6 5. Nc3 a6 6. Be3 Ng4 7. Bc1 Nf6 8. f3
e5 9. Nb3 Be6 10. Be3 Nbd7 11. Qd2 b5 12. a4 b4 13. Nd5 Bxd5 14. exd5 Nb6 15.
Bxb6 Qxb6 16. a5 Qb7 17. Bc4 g6 18. Ra4 Rb8 19. Qd3 Ra8 20. Qd2 Rb8 21. Qd3 Ra8
22. Qd2 1/2-1/2

[Event "XXXIII Memorial Edoardo Crespi Magistrale"]
[Site "Milano ITA"]
[Date "2012.12.06"]
[Round "6"]
[White "Coppola, Federico"]
[Black "Bemporad, Filippo"]
[WhiteElo "1940"]
[BlackElo "2046"]
[Result "0-1"]
[PlyCount "98"]
[EventDate "2012.12.01"]

1. e4 c5 2. Nf3 d6 3. d4 cxd4 4. Nxd4 Nf6 5. Nc3 e6 6. g4 h6 7. h3 Nc6 8. Be3
a6 9. Bg2 e5 10. Nf5 g6 11. Ng3 Be6 12. Qe2 Qc7 13. O-O-O Na5 14. f4 Nc4 15. f5
Nxe3 16. Qxe3 Bd7 17. Kb1 Bc6 18. fxg6 fxg6 19. g5 Nd7 20. h4 O-O-O 21. Bh3 Kb8
22. Bxd7 Qxd7 23. Nge2 hxg5 24. hxg5 Be7 25. Rh6 Rxh6 26. gxh6 Rh8 27. Nd5 Bxd5
28. exd5 Qf5 29. Rh1 g5 30. Nc3 g4 31. Qe4 Rxh6 32. Rg1 Qxe4 33. Nxe4 Rg6 34.
Kc1 Kc7 35. Kd2 Kd7 36. Ke2 Bd8 37. Nf2 g3 38. Ne4 Bh4 39. Kf3 Ke7 40. c4 Rg8
41. Nxg3 Bxg3 42. Rxg3 Rxg3+ 43. Kxg3 b5 44. b3 bxc4 45. bxc4 Kd7 46. Kf3 Kc7
47. Ke4 Kb6 48. Ke3 Kc5 49. Kd3 a5 0-1

[Event "XXXIII Memorial Edoardo Crespi Magistrale"]
[Site "Milano ITA"]
[Date "2012.12.06"]
[Round "6"]
[White "Damia, Angelo"]
[Black "Rettore, Ludwig"]
[WhiteElo "2281"]
[BlackElo "2115"]
[Result "0-1"]
[PlyCount "144"]
[EventDate "2012.12.01"]

1. e4 e5 2. Nf3 Nc6 3. Nc3 Nf6 4. g3 Be7 5. Bg2 O-O 6. O-O d6 7. h3 Bd7 8. d4
exd4 9. Nxd4 Nxd4 10. Qxd4 Bc6 11. Be3 a5 12. Rad1 Qc8 13. g4 a4 14. Ne2 Nd7
15. b3 Nc5 16. Ng3 Bf6 17. Qb4 Na6 18. Qd2 g6 19. Bd4 Bxd4 20. Qxd4 Nc5 21. f4
axb3 22. axb3 Ra2 23. Qc3 Qe6 24. Rfe1 Nd7 25. g5 f6 26. Bf1 Nb6 27. f5 Qe5 28.
Qxe5 dxe5 29. c4 fxg5 30. c5 Nc8 31. b4 Rb2 32. Bc4+ Kg7 33. Rb1 Rxb1 34. Rxb1
b5 35. Be6 Ne7 36. Rf1 Ng8 37. Ra1 Ra8 38. Rxa8 Bxa8 39. fxg6 Nf6 40. gxh7 Nxe4
41. Nh5+ Kxh7 42. Bf5+ Kh6 43. Bxe4 Bxe4 44. Nf6 Bf5 45. c6 Kg6 46. Nd5 Be4 47.
Nxc7 Bxc6 48. Kf2 Kf6 49. Ke3 Ke7 50. Na6 Kd6 51. Nc5 Bg2 52. Kf2 Bh1 53. Kg1
Bc6 54. Kf2 Kd5 55. Ke3 Kd6 56. Kf2 Bh1 57. Kg1 Ba8 58. Kf2 Bc6 59. Ke3 Bh1 60.
Kf2 Kd5 61. Nd7 Kd4 62. Nf8 Bd5 63. Nh7 Kc3 64. Nxg5 Kxb4 65. Ke3 Kc3 66. h4 b4
67. Nh3 b3 68. Nf2 Bf7 69. Nd3 e4 70. Nc5 Bg6 71. h5 Bh7 72. h6 b2 0-1

[Event "XXXIII Memorial Edoardo Crespi Magistrale"]
[Site "Milano ITA"]
[Date "2012.12.06"]
[Round "6"]
[White "Gongalov, Bojan"]
[Black "Van Den Bersselaar, Jeroen"]
[WhiteElo "2116"]
[BlackElo "2176"]
[Result "1-0"]
[PlyCount "59"]
[EventDate "2012.12.01"]

1. Nf3 d5 2. g3 Nf6 3. Bg2 c6 4. c4 dxc4 5. O-O Nbd7 6. Qc2 Nb6 7. a4 a5 8. Na3
Be6 9. Ng5 Qd7 10. Nxe6 Qxe6 11. Bf3 g6 12. Rb1 Bg7 13. b3 cxb3 14. Rxb3 Nfd7
15. Bb2 Bf6 16. Rb1 Ra6 17. d4 O-O 18. Ba1 Rd8 19. e4 c5 20. d5 Qd6 21. Be2
Raa8 22. Nb5 Qb8 23. Nc3 Qc7 24. Bg4 c4 25. Rb5 Ra6 26. f4 Bd4+ 27. Kg2 Nc5 28.
Ne2 Bxa1 29. Rxa1 Nb3 30. Rxb3 1-0

[Event "XXXIII Memorial Edoardo Crespi Magistrale"]
[Site "Milano ITA"]
[Date "2012.12.06"]
[Round "6"]
[White "Gori, Andrea"]
[Black "Cani, Gazmir"]
[WhiteElo "2095"]
[BlackElo "2147"]
[Result "1-0"]
[PlyCount "127"]
[EventDate "2012.12.01"]

1. e4 c5 2. Nc3 d6 3. f4 g6 4. Nf3 Bg7 5. Bb5+ Bd7 6. O-O Nc6 7. d3 e6 8. Bxc6
bxc6 9. Be3 Ne7 10. Qd2 O-O 11. Na4 Nc8 12. Rab1 Nb6 13. Nc3 Qe7 14. Qf2 c4 15.
e5 Rfd8 16. Bxb6 axb6 17. dxc4 Rdb8 18. a4 d5 19. cxd5 exd5 20. b3 Bf8 21. Kh1
Qc5 22. Qd2 Qb4 23. Rbd1 Rd8 24. h3 Bc5 25. Kh2 Bf5 26. g4 Be4 27. Ng5 Qa3 28.
Ra1 Qb4 29. Ncxe4 dxe4 30. Qxb4 Bxb4 31. Nxe4 Rd4 32. Nf6+ Kg7 33. Rf2 Bc3 34.
Raf1 Ra5 35. Kg3 Rc5 36. Rf3 b5 37. axb5 cxb5 38. g5 Bd2 39. Ne8+ Kf8 40. Nd6
Ke7 41. c4 bxc4 42. Nxc4 Bb4 43. h4 Rc7 44. Kg4 Ra7 45. h5 Ke6 46. hxg6 hxg6
47. Rc1 Ra2 48. Rg1 Rd8 49. Rfg3 Rh8 50. Rc1 Rah2 51. Ne3 Bd2 52. Rc6+ Ke7 53.
Nd5+ Kd8 54. Rd6+ Kc8 55. Rf6 Be1 56. Re3 R8h4+ 57. Kf3 Bd2 58. Rd3 Rh7 59. Ke4
Kb8 60. Kd4 Bc1 61. Kc5 Ra2 62. b4 Bb2 63. Nb6 Ba3 64. Rd8+ 1-0

[Event "XXXIII Memorial Edoardo Crespi Magistrale"]
[Site "Milano ITA"]
[Date "2012.12.06"]
[Round "6"]
[White "Iturbide Arnedo, Oscar"]
[Black "Lavorgna, Giovanni"]
[WhiteElo "2132"]
[BlackElo "2035"]
[Result "1-0"]
[PlyCount "77"]
[EventDate "2012.12.01"]

1. d4 Nf6 2. Bg5 d5 3. Bxf6 exf6 4. e3 Bf5 5. Bd3 Bg6 6. Ne2 Bd6 7. Ng3 O-O 8.
O-O Nc6 9. a3 Re8 10. b3 Qd7 11. c4 dxc4 12. bxc4 Rad8 13. Nc3 f5 14. Nd5 Ne7
15. Nxe7+ Rxe7 16. Qc2 Bxg3 17. hxg3 Qe6 18. c5 Qd5 19. Rab1 b6 20. Rfc1 Rde8
21. Qb3 Qd8 22. a4 h6 23. a5 bxa5 24. Ra1 c6 25. Rcb1 h5 26. Qc2 Qd5 27. Rxa5
h4 28. gxh4 f4 29. Bxg6 fxg6 30. Qb3 fxe3 31. Qxd5+ cxd5 32. fxe3 Kh7 33. Rb3
Kh6 34. Rba3 Kh5 35. Rxa7 Re6 36. Rxg7 Rf6 37. Rd7 Rf5 38. c6 Rb8 39. c7 1-0

[Event "XXXIII Memorial Edoardo Crespi Magistrale"]
[Site "Milano ITA"]
[Date "2012.12.06"]
[Round "6"]
[White "Iudicello, Giovanni"]
[Black "Loehnhardt, Benjamin"]
[WhiteElo "2149"]
[BlackElo "2073"]
[Result "1-0"]
[PlyCount "65"]
[EventDate "2012.12.01"]

1. e4 c5 2. Nf3 d6 3. d4 cxd4 4. Nxd4 Nf6 5. Nc3 a6 6. Bg5 e6 7. f4 Nbd7 8. Qf3
Qa5 9. O-O-O h6 10. Bxf6 Nxf6 11. Bd3 Be7 12. Rhe1 g5 13. f5 Qe5 14. g3 Bd7 15.
fxe6 fxe6 16. Qe3 g4 17. Kb1 Nh7 18. Nde2 Ng5 19. Nf4 Rg8 20. Qb6 Kf7 21. Rf1
Kg7 22. Be2 Kh7 23. Bxg4 Nxe4 24. Nxe4 Qxe4 25. Rfe1 Qc4 26. Bxe6 Bxe6 27. Rxe6
Rg7 28. Qxb7 Bf6 29. Qxa8 Be5 30. Qd5 Qb4 31. Nd3 Qa4 32. Nxe5 dxe5 33. Rxe5
1-0

[Event "XXXIII Memorial Edoardo Crespi Magistrale"]
[Site "Milano ITA"]
[Date "2012.12.06"]
[Round "6"]
[White "Lapiccirella, Daniele"]
[Black "Collutiis, Duilio"]
[WhiteElo "2210"]
[BlackElo "2495"]
[Result "1-0"]
[PlyCount "95"]
[EventDate "2012.12.01"]

1. d4 Nf6 2. c4 d6 3. Nc3 e5 4. Nf3 Nbd7 5. Bg5 Be7 6. e3 c6 7. Be2 O-O 8. O-O
a6 9. Qc2 Re8 10. Rfd1 Qc7 11. Bh4 b6 12. h3 Bb7 13. Rac1 Rac8 14. a3 b5 15.
Bg3 Bf8 16. c5 exd4 17. exd4 Qd8 18. b4 Ra8 19. Bd3 g6 20. Re1 d5 21. Rxe8 Nxe8
22. Bh4 Be7 23. Bxe7 Qxe7 24. Re1 Qf6 25. Ne5 Nxe5 26. dxe5 Qe7 27. a4 Nc7 28.
f4 a5 29. Nxb5 cxb5 30. axb5 axb4 31. c6 Ne6 32. cxb7 Qxb7 33. f5 gxf5 34. Bxf5
Qb6+ 35. Kh1 Nf8 36. Qd2 Re8 37. Qxb4 Qf2 38. Qg4+ Ng6 39. Re2 Qf1+ 40. Kh2 Qa1
41. e6 Kg7 42. exf7 Rxe2 43. Qxe2 Ne5 44. b6 Qc3 45. b7 Qc7 46. Qb2 Qb8 47. Be6
d4 48. Qxd4 1-0